00000000nam 2200000za 4500
0019.852940
003CaOODSP
00520221107154715
007cr |||||||||||
008180306s1969    onc    #o    f000 0 eng d
040 |aCaOODSP|beng
043 |an-cn-qu
0861 |aR32-463/1969E-PDF
1001 |aGilchrist, Marion.
24510|aBrief on the territorial rights of the Indians of the Province of Québec |h[electronic resource] : |b(a commentary) / |cMarion Gilchrist.
260 |aOttawa : |bDepartment of Indian Affairs and Northern Development, |c1969.
300 |a5 p.
500 |a"November 6, 1969."
500 |aTitle from cover.
500 |aDigitized edition from print [produced by Indigenous and Northern Affairs Canada].
520 |a"The Brief, dated January 7, 1969, was submitted to the Province of Quebec, and claims the sum of five billion dollars, not including damages, for the loss of Indian rights in the Province. The Indians of Quebec claim rights to the major part of the Province with respect to lands, forests, wildlife, lakes, rivers, and territorial waters"--p. 2.
69207|2gccst|aIndians
69207|2gccst|aLand claims
69207|2gccst|aAboriginal rights
7101 |aCanada. |bIndian and Northern Affairs Canada.
85640|qPDF|s920 KB|uhttps://publications.gc.ca/collections/collection_2018/aanc-inac/R32-463-1969-eng.pdf